|
|
|
|
| LEADER |
00000nam a22000007a 4500 |
| 005 |
20210804223329.0 |
| 007 |
cr|||| |||| |
| 008 |
210804s2014 ca |||||s|||| 00||0 eng d |
| 020 |
|
|
|a 9781552213384
|
| 035 |
|
|
|a 34922
|
| 040 |
|
|
|a vLex
|
| 090 |
|
|
|c 11905
|d 11905
|
| 100 |
1 |
|
|a Borovoy, Alan
|
| 245 |
1 |
0 |
|a "At the Barricades"
|h [Recurso electrn̤ico] :
|b A Memoir /
|c Alan Borovoy
|
| 256 |
|
|
|a Servicio en ln̕ea
|
| 260 |
|
|
|a Toronto:
|b Irwin Law Inc.,
|c 2014
|
| 300 |
|
|
|a 1 recurso electrn̤ico
|
| 500 |
|
|
|a Best known as General Counsel of the Canadian Civil Liberties Association, a position he held for over 40 years, A. Alan Borovoy was at the centre of many of the most profound and difficult public debates of last half century. In At the Barricades, Borovoy reflects on the events that have shaped the Canadian political legal landscape from the Cold War of the 1950s and 60s to the “war on terrorism” in the 21st century. Along the way he provides a first-hand account of Qub̌ec’s FLQ crisis of 1970, the protests regarding the abortion controversy, the battles over free speech, hate speech, and pornography, and the struggles to protect the rights of Aboriginal peoples, the economically disadvantaged, and victims of police misconduct. This book recounts the life of an activist; always principled and compassionate, usually controversial, often very funny, and never dull. It should be read by anyone who is interested in how we got to where we are today and concerned about where we are going.
|
| 506 |
1 |
|
|a Disponible solo en los productos indicados
|d vLex Global
|d vLex Global (Academic Edition, excluding Law Schools)
|d vLex Global (U.S. Academic Edition, Law Schools)
|d vLex Global (U.S. Academic Edition, excluding Law Schools)
|d vLex Global (Academic Edition, Law Schools)
|
| 650 |
0 |
4 |
|a Abogados
|z Canad̀
|
| 650 |
0 |
4 |
|a Derecho Pb︢lico y Administrativo
|z Canad̀
|
| 740 |
0 |
|
|a vLex Libros (Servicio en ln̕ea)
|
| 856 |
4 |
0 |
|u https://app.vlex.com/#/sources/34922
|z Acceso restringido
|
| 942 |
|
|
|c BOOK
|
| 999 |
0 |
|
|a Lawyers
|
| 999 |
0 |
|
|a Public and Administrative Law
|